000 00296nam a22001217a 4500
008 170918b xxu||||| |||| 00| 0 eng d
041 _aeng
080 _a77
100 _a44
101 _aART
245 _aCHINA THE LAND AND ITS PEOPLE EARLY PHOTOGRAPHY
_cTHOMSON.J
942 _2udc
_cBK
999 _c27878
_d27878